ws- Ánh xạ nửa - thương và các không gian với k - lưới đếm được theo điểm

Một số khái niệm cơ bản. ws- Ánh xạ nửa - thương và các không gian với k - lưới đếm được theo điểm

Sparad:
Bibliografiska uppgifter
Huvudupphovsman: Nguyễn Xuân Thùy
Övriga upphovsmän: Lương Quốc Tuyển TS. (Hướng dẫn)
Materialtyp: Bok
Språk:Vietnamese
Publicerad: Đà Nẵng Đại học Sư phạm, Đại học Đà Nẵng 2013
Ämnen:
Taggar: Lägg till en tagg
Inga taggar, Lägg till första taggen!
Thư viện lưu trữ: Mạng thư viện Đại học Đà Nẵng
LEADER 01736nam a2200385 4500
001 000018680
003 15115
005 20131220081222.0
008 131212s2013 viesd
041 |a vie 
082 1 4 |a 514.322  |b NG-T 
100 1 |a Nguyễn Xuân Thùy 
245 1 |a ws- Ánh xạ nửa - thương và các không gian với k - lưới đếm được theo điểm  |c Nguyễn Xuân Thùy ; Lương Quốc Tuyển hướng dẫn  |k Khóa luận tốt nghiệp 
260 |a Đà Nẵng  |b Đại học Sư phạm, Đại học Đà Nẵng  |c 2013 
300 |a 42 tr.  |c 29 cm.  |e Bản tóm tắt 
500 |a Khóa luận tốt nghiệp đại học. Chuyên ngành: Cử nhân Toán Tin 
504 |a Mục lục đầu trang, tài liệu tham khảo tr. 73 - 74, phụ lục [13 tr.] 
520 |a Một số khái niệm cơ bản. ws- Ánh xạ nửa - thương và các không gian với k - lưới đếm được theo điểm 
600 1 4 |b Vua  |c Đinh Tiên Hoàng 
650 0 4 |a Không gian tôpô  |v Khóa luận tốt nghiệp  |x Lưới đếm 
653 |a Khoa Toán 
653 |a Không gian tôpô 
653 |a Ánh xạ nửa - thương 
653 |a Lưới đếm 
700 1 |a Lương Quốc Tuyển  |c TS.  |e Hướng dẫn 
OWN |a LSP 
AVA |a UDN50  |b LSP  |d 514.322 NG-T  |e available  |t Error 5001 Not defined in file expand_doc_bib_avail.  |f 1  |g 0  |h N  |i 0  |k 1 
999 |a From the UDN01 
AVA |a UDN50  |b LSP  |d 514.322 NG-T  |e available  |t Error 5001 Not defined in file expand_doc_bib_avail.  |f 1  |g 0  |h N  |i 0  |k 1 
TYP |a Monograph 
TYP |a Printed language 
980 |a Mạng thư viện Đại học Đà Nẵng